Ont-ils déjà joué avec... Brad Pitt ? - Statistiques

Statistiques générales
  • Ce quiz a été pris 56 fois
  • Le résultat moyen est 3 sur 10
Answers on the Grid
Answers color-coded by a green-red scale on the quiz's grid according to % correct below.
Bill Murray
Lily-Rose Depp
Emma Stone
Daniel Craig
Jean Dujardin
Natalie Portman
Vincent Cassel
Helena Bonham Carter
Woody Harrelson
Lady Gaga
Viggo Mortensen
Sandra Bullock
Cate Blanchett
Henry Cavill
Casey Affleck
Jessica Chastain
Daniel Radcliffe
Oprah Winfrey
Camille Cottin
Kevin Costner
 
Statistiques - réponses
Réponse % Correct
Sandra Bullock
49%
Cate Blanchett
47%
Vincent Cassel
44%
Helena Bonham Carter
42%
Camille Cottin
33%
Casey Affleck
26%
Jessica Chastain
26%
Kevin Costner
19%
Daniel Radcliffe
5%
Oprah Winfrey
0%
Aucun quiz correspondant
Distribution des résultats
% des personnes avec chaque résultat
Percentile par nombre de réponses
Votre historique - résultats
Vous n’avez pas pris ce quiz